Los extraterrestres /

Guardado en:
Autor Principal: Pike, Christopher
Formato: Libro
Publicado: España : Grupo Zeta, 1996
Series:Fantasville, no. 4
Materias:
Etiquetas: Agregar Etiqueta
Sin Etiquetas, Sea el primero en etiquetar este registro!
LEADER 00670nam a22002415a 4500
001 CEM.cems013569
005 20110923164149.0
008 130507s1996##################000#0#####d
003 CEMS
020 |a 8440668724 
082 0 4 |a 813.5 
100 1 |a Pike, Christopher 
245 1 0 |a Los extraterrestres /  |c Chistopher Pike 
260 |a España :  |b Grupo Zeta,  |c 1996 
300 |a 126 p. 
490 0 |a Fantasville, no. 4 
653 |a Literatura 
653 |a Literatura eeuu 
653 |a Literatura de terror 
653 |a Terror literatura juvenil 
653 |a Novelas 
653 |a Novelas de terror 
859 |a CEMS  |b BIB. CEMS - 11 de abril  |h 813.5  |i P635  |p 26209.11  |t Ej.1  |v 4  |3 4